Statistics for house of anubis characters

Click here to take the quiz!

General Stats

  • This quiz has been taken 85 times
  • The average score is 9 of 10

Answer Stats

HintAnswer% Correct
nathalia ramosnina
99%
ana mulvoy-tenamber
96%
alex sawyeralfie
95%
brad kavanaghfabian
95%
eugene simonjerome
95%
klariza claytonjoy
95%
tasie lawrencemara
95%
jade ramsaypatricia
95%
bobby lockwoodmick
89%
burkely duffieldeddie
84%

Score Distribution

Percentile by Number Answered

Percent of People with Each Score

Your Score History

You have not taken this quiz